000 00532nam a22001937a 4500
005 20250225184536.0
008 250225b |||||||| |||| 00| 0 eng d
020 _a9780077130015
050 _aHF5415
_b.P234 PAL
100 _aPalmer Adrian
245 _aThe Business Environment
_cAdrian Palmer & Bob Hartley
250 _a7th Ed.
260 _aLondon
_bMcGraw-Hill
_c2012
300 _axiii. 550p.
_bill. col.
_c22 cm
500 _aIncludes Index
650 _2Business
700 _aHartley Bob
942 _2lcc
_cBK
_e7th Ed.
_n0
999 _c4360
_d4360